000 00288nam a22001217a 4500
008 171017b xxu||||| |||| 00| 0 eng d
041 _aeng
080 _a331.101.262
100 _a52
101 _aBNJ
245 _aLABOR MARKETS AND HUMAN RESOURCE MANAGEMENT
_cKLEINER
942 _2udc
_cBK
999 _c34384
_d34384